| 000 | 00843nam a2200265I 4500 | ||
|---|---|---|---|
| 008 | |||
| 049 | _aMAIN | ||
| 090 |
_aRF46 _bBOI. |
||
| 100 | 1 | 0 | _aBoies, Lawrence R. |
| 245 | 1 | 0 |
_aFundamentals of otolaryngology; _ba textbook of ear, nose and throat diseases _c[by] Lawrence R. Boies, Jerome A. Hilger [and] Robert E. Priest. |
| 250 | _a4th ed. | ||
| 260 | 0 |
_aPhiladelphia, _bSaunders, _cc1964. |
|
| 300 |
_axii, 553 p. _bill. (some col.) _c25 cm. |
||
| 500 | _aIncludes index. | ||
| 504 | _aIncludes bibliographical references. | ||
| 650 | 0 | _aOtolaryngology. | |
| 650 | 2 | _aOtolaryngology. | |
| 700 | _aHilger, Jerome A. | ||
| 700 | _aPriest, Robert E. | ||
| 907 |
_a.b10356599 _b27-04-15 _c01-04-15 |
||
| 003 | |||
| 005 | 20230120204152.0 | ||
| 040 | _cNUST | ||
| 942 |
_cBOOKS _kRF46 _mBOI. |
||
| 999 |
_c118357 _d118357 |
||